|
|
|
|
| LEADER |
02283nam a2200361 a 4500 |
| 001 |
0020128 |
| 003 |
BD-DhAAL |
| 008 |
100420r20072004ii l 001 0 eng d |
| 040 |
|
|
|a DLC
|c DLC
|d BD-DhAAL
|
| 082 |
|
|
|a 343.095403
|2 22
|
| 100 |
0 |
|
|a Ratanlal Ranchhoddas.
|9 311
|
| 245 |
0 |
0 |
|a Ratanlal & Dhirajlal's the code of criminal procedure (Act II of 1974) /
|c Ratanlal Ranchhoddas and Dhirajlal Keshavlal Thakore.
|
| 246 |
3 |
|
|a Ratanlal and Dhirajlal's the Code of Criminal Procedure (Act II of 1974)
|
| 246 |
1 |
8 |
|a Code of Criminal Procedure
|
| 250 |
|
|
|a Seventeenth edition (eco. p/b) /
|b Y.V. Chandrachud in collaboration with V.R. Manohar, Avtar Singh and the publishers' editorial board
|
| 260 |
|
|
|a New Delhi :
|b Wadhwa & Co.,
|c 2004 [reprinted 2007].
|
| 300 |
|
|
|a clxii, 1252 p. ;
|c 23 cm
|
| 500 |
|
|
|a "As amended by the Code of Criminal Procedure (Amendment) Act, 2005, with exhaustive notes, comments, case-law references, state amendments along with schedule of classification of offences and forms as prescribed under Code of Criminal Procedure, 1973."
|
| 500 |
|
|
|a Includes index.
|
| 526 |
|
|
|a SOL
|x K. Shamsuddin Mahmood
Professor and Dean
School of Law
BRAC University
|
| 541 |
1 |
|
|e 0020128
|a Anupam Gyan Bhandar
|
| 650 |
|
0 |
|a Criminal procedure
|z India.
|9 31420
|
| 650 |
|
0 |
|a Criminal courts
|z India
|v Rules and practice.
|9 59020
|
| 700 |
1 |
|
|a Thakore, Dhirajlal Keshavlal.
|9 314
|
| 700 |
1 |
|
|a Chandrachud, Y. V.
|9 315
|
| 700 |
1 |
|
|a Manohar, V. R.
|9 316
|
| 700 |
1 |
|
|a Singh, Avtar,
|d 1932-
|
| 710 |
1 |
|
|a India.
|t Code of Criminal Procedure, 1973.
|9 59021
|
| 852 |
4 |
|
|a Ayesha Abed Library
|c General Stacks
|
| 942 |
|
|
|2 ddc
|c BK
|
| 999 |
|
|
|c 8178
|d 8178
|
| 952 |
|
|
|0 0
|1 0
|2 ddc
|4 0
|6 343_095403000000000_RAT_2007
|7 0
|9 9333
|a BRACUL
|b BRACUL
|c GEN
|d 2010-04-20
|e Anupam Gyan Bhandar
|g 790.00
|l 11
|m 83
|o 343.095403 RAT
|p 3010020128
|q 2026-05-20
|r 2025-09-21
|s 2025-09-21
|t 1
|v 1580.00
|w 2010-04-20
|y BK
|x Requisitioned by K. Shamsuddin Mahmood, Professor and Dean, School of Law, BRAC University
|
| 952 |
|
|
|0 0
|1 0
|2 ddc
|4 0
|6 343_095403000000000_RAT_2007
|7 0
|9 9388
|a BRACUL
|b BRACUL
|c GEN
|d 2010-04-22
|e Anupam Gyan Bhandar
|g 790.00
|l 8
|m 48
|o 343.095403 RAT
|p 3010020129
|r 2026-01-27
|s 2025-09-29
|t 2
|v 1580.00
|w 2010-04-22
|y BK
|x Requisitioned by K. Shamsuddin Mahmood, Professor and Dean, School of Law, BRAC University
|